| 000 | 00915nam a2200253Ia 4500 | ||
|---|---|---|---|
| 003 | OSt | ||
| 005 | 20220923211430.0 | ||
| 006 | a|||||r|||| 00| 0 | ||
| 007 | ta | ||
| 008 | 220922b |||||||| |||| 00| 0 hin d | ||
| 020 |
_a9789350000434 (hbk) _c200 |
||
| 024 | _a246,727 | ||
| 037 |
_b374, 17/02/2011, Vani Prakashan _cTextual |
||
| 040 |
_aARTS _cARTS _bhin |
||
| 041 |
_2hin _ahin |
||
| 082 | _aO152,3N3212x, P9 | ||
| 100 |
_aशर्मा, यादवेन्द्र 'चन्द्र' _9158326 |
||
| 245 | 0 | _aवाह किन्नी, वाह | |
| 246 | _aVāh kinnī, vāha | ||
| 260 |
_aनयी दिल्ली _b वाणी प्रकाशन _c2009 |
||
| 300 |
_a136पृ. _ccm. |
||
| 942 |
_hO152,3N3212x, P9 _cTEXL _2CC |
||
| 999 |
_c299408 _d299408 |
||